00518nam a2200193Ia 4500003000400000008004100004040001600045082001300061100003000074245006500104700002100169700002200190260003800212300000800250650001500258650001000273650001800283650002300301GCL140319s9999 xx 000 0 eng d aGCL / cGCL04a811bA A1 aABDEL WAHID, ABDUL RAZZAQ10aABDUL RAZZAQ ABDUL WAHID:POEMS / cABDEL WAHID, ABDUL RAZZAQ1 aAL-ALEAQ, ALI J.1 aDARWEESH,MOHAMMED a[S.N] : bDAR AL- MAMUN ، c1989 a82P04aLITERATURE04aPOEMS04aARABIC POETRY04aARABIC LITERATURE